Sub sole

Spremljeno u:
Bibliografski detalji
Glavni autor: Lillo, Baldomero (autor)
Format: Knjiga
Jezik:španjolski
Izdano: Santiago Ercilla 1997
Serija:Colección Los Mejores Libros de la Literatura Chilena, 1
Teme:
Oznake: Dodaj oznaku
Bez oznaka, Budi prvi tko označuje ovaj zapis!

MARC

LEADER 00000nam a2200000 a 4500
001 UCN4899
003 CL-VaPUC
008 010817e19970000cl |||||||||||||||||spa|d
082 0 4 |a Ch863  |b LIL  |2 21 
100 |a Lillo, Baldomero  |e autor  |9 342813 
245 1 0 |a Sub sole 
246 1 3 |a El rapto del sol 
246 1 3 |a El ahogado 
246 1 0 |a Irredención 
246 1 0 |a En la rueda 
246 1 4 |a Las nieves eternas 
246 1 0 |a Víspera de difuntos 
246 1 3 |a El oro 
246 1 3 |a El remolque 
246 1 3 |a El alma de la máquina 
246 1 0 |a Quilapán 
246 1 3 |a El vagabundo 
246 1 0 |a Inamible 
246 1 3 |a La trampa 
300 |a 128 p 
942 |c BK 
945 |d 20010817 00:00:00  |a vberengu 
260 |a Santiago  |b Ercilla  |c 1997 
650 0 |a Literatura chilena   |9 308278 
650 0 |a Cuentos chilenos   |9 308280 
583 |a last modification  |c 20171010 03:37:33  |k Rodrigo Vera 
490 0 |a Colección Los Mejores Libros de la Literatura Chilena, 1 
999 |c 296744  |d 296742 
952 |0 0  |1 0  |4 0  |6 CH_863_000000000000000_LIL_1997  |7 0  |8 A  |9 350849  |a BIBEDU  |b BIBEDU  |d 2019-11-20  |i 3745422  |l 2  |o Ch863 LIL 1997  |p 3745422  |r 2025-03-11  |s 2025-03-11  |w 2019-11-20  |y BK  |k BME